000 00572nam a2200229Ia 4500
003 OSt
005 20220924152055.0
006 a|||||r|||| 00| 0
007 ta
008 220923b |||||||| |||| 00| 0 mar d
024 _a340721
037 _cTextual
040 _aARTS
_cARTS
_bmar
041 _2mar
_amar
082 _aO155,1NPA,2, N2
100 _aPatil Anuradha
245 0 _aDivesndivas
260 _c1992
650 _aMARATHI LITERATURE
_938000
942 _hO155,1NPA,2, N2
_cTEXL
_2CC
999 _c468643
_d468643